书目信息 |
| 题名: |
读者文摘精华
|
|
| 作者: | 杨晖 主编 | |
| 分册: | 爱情卷 | |
| 出版信息: | 北京 北京工业大学出版社 2014 |
|
| 页数: | 263页 | |
| 开本: | 24cm | |
| 丛书名: | ||
| 单 册: | ||
| 中图分类: | Z89 | |
| 科图分类: | ||
| 主题词: | 文摘--wen zhai--作品集--世界 | |
| 电子资源: | ||
| ISBN: | 978-7-5639-3700-4 | |
| 000 | 00861nam 2200241 450 | |
| 001 | 1771323990 | |
| 005 | 20170105194931.82 | |
| 010 | @a978-7-5639-3700-4@dCNY28.00 | |
| 100 | @a20131210d2014 em y0chiy50 ea | |
| 101 | 0 | @achi |
| 102 | @aCN@b110000 | |
| 105 | @ay z 000fy | |
| 106 | @ar | |
| 200 | 1 | @a读者文摘精华@Adu zhe wen zhai jing hua@i爱情卷@f杨晖主编 |
| 210 | @a北京@c北京工业大学出版社@d2014 | |
| 215 | @a263页@d24cm | |
| 330 | @a本书精选了80多个具有感染力的故事, 向读者阐释了爱情的美好与珍贵。这些感人至深的故事汇集了生活中最鲜活的点滴, 展现了世人对美好爱情的向往和追求, 能够打动亿万读者的心灵。内容包括那些温暖而美好的事 ; 如果真爱可以无敌等。 | |
| 517 | 1 | @a爱情卷@Aai qing juan |
| 606 | 0 | @a文摘@Awen zhai@x作品集@y世界 |
| 690 | @aZ89@v5 | |
| 701 | 0 | @a杨晖@Ayang hui@4主编 |
| 801 | 0 | @aCN@b人天书店@c20131210 |
| 905 | @aBZT@dZ89@e15 | |
| 读者文摘精华.爱情卷/杨晖主编.-北京:北京工业大学出版社,2014 |
| 263页;24cm |
| ISBN 978-7-5639-3700-4:CNY28.00 |
| 本书精选了80多个具有感染力的故事, 向读者阐释了爱情的美好与珍贵。这些感人至深的故事汇集了生活中最鲜活的点滴, 展现了世人对美好爱情的向往和追求, 能够打动亿万读者的心灵。内容包括那些温暖而美好的事 ; 如果真爱可以无敌等。 |
| ● |
| 相关链接 |
|
|
|
正题名:读者文摘精华
索取号:Z89/15
 
预约/预借
| 序号 | 登录号 | 条形码 | 馆藏地/架位号 | 状态 | 备注 |
| 1 | 824007 | 2000824007 | 第二书库/ [索取号:Z89/15] | 在馆 | |
| 2 | 824008 | 2000824008 | 第二书库/ [索取号:Z89/15] | 在馆 | |
| 3 | 824009 | 2000824009 | 第二书库/ [索取号:Z89/15] | 在馆 |